000 00291nam a2200121Ia 4500
008 190216s9999||||xx |||||||||||||| ||und||
100 _aMuhammed K T
245 0 _aChuvanna Ghadikaram
260 _bPoorna Pubs Kozhikode
_c1992
300 _a106p
650 _aMalayalam Nadakam
942 _cBK
999 _c26855
_d26855